000 00726nac a22002051u 4500
010 _a 98024973
020 _a0256173451
082 0 0 _a338.5024658
_bM454
090 _c4346
_d4346
100 _aMaurice, S. Charles.
245 1 0 _aManagerial economics /
_cS. Charles Maurice, Christopher R. Thomas.
250 _a6th ed.
260 _aBoston :
_bIrwin/McGraw-Hill,1999
_c1999.
300 _axix, 780 p. :
_bill. (sopme col.) ;
_c25 cm.
500 _aIncludes index.
650 0 _aManagerial economics.
700 1 _aThomas, Christopher R.
942 _cBB
_k338.5024658M454
999 _c4346
_d4346